Представление документа в формате RUSMARC

ПолеНазваниеЗначение
  Тип записи i
  Библиографический уровень m
001 Контрольный номер RU/IS/BASE/327152579
005 Дата корректировки 20240410121223.7
010 Индекс ISBN __
a ISBN 978-5-9925-0216-9
d Цена 290-00
101 Язык документа __
a Язык текста fre
c Язык оригинала fre
200 Заглавие и сведения об ответственности 1_
a Заглавие Маленький принц
e Сведения, относящиеся к заглавию [аудиокнига]
f Первые сведения об ответственности Антуан де Сент-Экзюпери ; сост. О. Г. Сорбалэ ; текст читает Юг Демез
b Общее обозначение материала Звукозапись
200 Заглавие и сведения об ответственности __
d Параллельное заглавие Le Petit Prince
210 Выходные данные __
a Место издания СПб.
c Издательство КАРО
d Дата издания 2008
215 Физическое описание __
a Объем 1 электрон. опт. диск (Audio CD) (2 ч.)
c Иллюстрации/тип воспроизводства MP3
225 Серия __
a Серия Francais. Lecture avec Exercices
300 Общие примечания __
a Общие примечания Текст на фр. яз.
323 Примечание о главных создателях, исполнителях, участниках __
a Примечание о главных создателях, исполнителях, участниках Демез, Ю. (читает)
330 Аннотация __
a Аннотация Грустная и ироничная история, рассказанная Антуаном де Сент-Экзюпери, завоевала сердца миллионов людей.
333 Примечание о целевом назначении __
a Примечание о целевом назначении 6+. Для детей старше шести лет
606 Тематические рубрики __
a Основная рубрика Художественная литература
606 Тематические рубрики __
a Основная рубрика Литература Европы (произведения)
y Географическая подрубрика Франция
610 Ключевые слова __
a Ключевые слова зарубежная литература; французская литература; сказки; детская литература; Маленький принц; тема путешествий; тема добра; тема взаимоотношений; тема любви; литературные герои; литературные персонажи; литературные сказки; французский язык
686 Индексы других классификаций __
a Классификационный индекс 84(4Фра)-4я04; мл84я04
700 Автор _1
a Фамилия Сент-Экзюпери
b Имя А. де
g Полное личное имя Антуан
4 Код отношения 070
702 Вторичная интеллектуальная ответственность _1
a Фамилия Сорбалэ
b Имя О. Г.
4 Код отношения Составитель
801 Источник записи _0
a Страна RU
b Организация Муниципальное бюджетное учреждение культуры "Централизованная библиотечная система" г. Сургут (Центральная городская библиотека им. А. С. Пушкина)
g Правила каталогизации КиК/Поспелова
801 Источник записи _1
a Страна RU
b Организация Муниципальное бюджетное учреждение культуры "Централизованная библиотечная система" г. Сургут (Центральная городская библиотека им. А. С. Пушкина)
g Правила каталогизации КиК/Поспелова
852 Данные о местонахождении __
j Шифр хранения 84(4Фра)-4я04
c Каталожный индекс 84(4Фра)-4я04
i Авторский знак С 31
901 Тип документа __
t Тип документа 0
903 Характеристики (МАРС) __
a Дата передачи 20100517
969 Тип издания __
a Тип издания аудиокнига
990 Данные о заказе (DOS) __
j Количество экземпляров (DOS) 3
h N записи в КСУ для Б/У (DOS) 201006